[Event "Dallas UT Fall op"]
[Site "Dallas"]
[Date "2018.11.17"]
[Round "2"]
[White "Sarkar, Justin"]
[Black "Raznikov, Danny"]
[Result "1/2-1/2"]
[WhiteElo "2342"]
[BlackElo "2494"]
[PlyCount "54"]
[EventDate "2018.11.16"]
[EventType "swiss"]
[EventRounds "9"]
[EventCountry "USA"]
[SourceTitle "CBM 187 Extra"]
[Source "ChessBase"]
[SourceDate "2018.11.04"]
[SourceVersion "1"]
[SourceVersionDate "2018.11.04"]
[SourceQuality "1"]

1. e4 c5 2. Nf3 d6 3. d4 cxd4 4. Nxd4 Nf6 5. Nc3 a6 6. g3 e5 7. Nb3 Be7 8. Bg2 0-0 9. 0-0 Be6 10. a4 Nbd7 11. f4 Rc8 12. a5 Re8 13. Re1 h6 14. Be3 Ng4 15. Bc1 exf4 16. gxf4 Bf6 17. h3 Rxc3 18. bxc3 Bxc3 19. hxg4 Bxb3 20. cxb3 Bxa1 21. Qxd6 Qh4 22. Bd2 Nf6 23. Rxa1 Nxg4 24. f5 Qf2+ 25. Kh1 Qh4+ 26. Kg1 Qf2+ 27. Kh1 Qh4+ 1/2-1/2

[Event "Texas Collegiate Superfinal"]
[Site "Lubbock"]
[Date "2018.10.20"]
[Round "1.3"]
[White "Dragun, Kamil"]
[Black "Raznikov, Danny"]
[Result "1/2-1/2"]
[WhiteElo "2568"]
[BlackElo "2489"]
[PlyCount "120"]
[EventDate "2018.10.20"]
[EventType "team-tourn"]
[EventRounds "5"]
[EventCountry "USA"]
[SourceTitle "CBM 186 Extra"]
[Source "ChessBase"]
[SourceDate "2018.08.24"]
[SourceVersion "1"]
[SourceVersionDate "2018.08.24"]
[SourceQuality "1"]
[WhiteTeam "Texas Rio Grande Valley Univ"]
[BlackTeam "Dallas Univ II"]
[WhiteTeamCountry "USA"]
[BlackTeamCountry "USA"]

1. e4 e5 2. Nf3 Nc6 3. Bb5 Nf6 4. 0-0 Nxe4 5. Re1 Nd6 6. Nxe5 Be7 7. Bf1 Nxe5 8. Rxe5 0-0 9. d4 Bf6 10. Re1 Nf5 11. c3 d5 12. Nd2 c6 13. Nf3 Nh4 14. Ne5 Re8 15. Bf4 Bf5 16. Bg3 Ng6 17. Qh5 Bxe5 18. dxe5 Qd7 19. Qd1 c5 20. Qb3 c4 21. Qa3 h5 22. h3 h4 23. Bh2 Qc6 24. Rad1 Re6 25. Rd4 b5 26. b3 Rae8 27. bxc4 bxc4 28. Qa5 Nxe5 29. Bxe5 Rxe5 30. Rxe5 Rxe5 31. Qd8+ Qe8 32. Rxd5 Bd3 33. Bxd3 cxd3 34. Rxd3 Qxd8 35. Rxd8+ Kh7 36. Kf1 g5 37. Rd4 Kg6 38. c4 Kf5 39. Rd3 Rc5 40. Rd7 Ra5 41. Rxf7+ Ke6 42. Rg7 Kf6 43. Rb7 Rxa2 44. c5 a5 45. c6 Rc2 46. c7 a4 47. Ra7 a3 48. Rxa3 Rxc7 49. Ke2 Kf5 50. Ra5+ Kf4 51. Ra4+ Kf5 52. Rg4 Rc2+ 53. Ke3 Rc3+ 54. Kd2 Ra3 55. f3 Ra2+ 56. Ke3 Ra3+ 57. Kf2 Ra2+ 58. Kg1 Ra1+ 59. Kh2 Rf1 60. Rb4 Ke5 1/2-1/2

[Event "Texas Collegiate Superfinal"]
[Site "Lubbock"]
[Date "2018.10.20"]
[Round "2.3"]
[White "Torres Rosas, Luis Carlos"]
[Black "Raznikov, Danny"]
[Result "0-1"]
[WhiteElo "2293"]
[BlackElo "2489"]
[PlyCount "58"]
[EventDate "2018.10.20"]
[EventType "team-tourn"]
[EventRounds "5"]
[EventCountry "USA"]
[SourceTitle "CBM 186 Extra"]
[Source "ChessBase"]
[SourceDate "2018.08.24"]
[SourceVersion "1"]
[SourceVersionDate "2018.08.24"]
[SourceQuality "1"]
[WhiteTeam "Texas Tech Univ II"]
[BlackTeam "Dallas Univ II"]
[WhiteTeamCountry "USA"]
[BlackTeamCountry "USA"]

1. d4 Nf6 2. c4 e6 3. Nc3 Bb4 4. Qc2 d5 5. Bg5 dxc4 6. a3 Bxc3+ 7. bxc3 c5 8. e3 cxd4 9. Bxf6 Qxf6 10. cxd4 0-0 11. Nf3 Bd7 12. Bxc4 Rc8 13. Qe2 Bc6 14. 0-0 Bxf3 15. gxf3 Nc6 16. f4 Rc7 17. Bd3 Rac8 18. Be4 g6 19. Qb5 b6 20. Bxc6 Rxc6 21. a4 h6 22. Kg2 Qh4 23. h3 Rc2 24. a5 R8c3 25. Qe5 b5 26. Rad1 Re2 27. Qb8+ Kg7 28. Qe5+ Kh7 29. d5 Rcc2 0-1

[Event "Titled Tuesday intern op 2nd Jan"]
[Site "Chess.com INT"]
[Date "2018.01.02"]
[Round "1"]
[White "Raznikov, Danny"]
[Black "Terletsky, Oleg"]
[Result "1-0"]
[WhiteElo "2485"]
[BlackElo "2416"]
[PlyCount "73"]
[EventDate "2018.01.02"]
[EventType "swiss (blitz)"]
[EventRounds "10"]
[EventCountry "USA"]
[SourceTitle "EXT 2021"]
[Source "ChessBase"]
[SourceDate "2020.10.23"]
[SourceVersion "1"]
[SourceVersionDate "2020.10.23"]
[SourceQuality "1"]

1. d4 Nf6 2. Bf4 g6 3. e3 Bg7 4. Nf3 0-0 5. Be2 d6 6. h3 b6 7. a4 a6 8. 0-0 Bb7 9. c3 Nbd7 10. Bh2 Ne4 11. Nbd2 e5 12. Nxe4 Bxe4 13. Nd2 Bb7 14. Bf3 Qc8 15. b4 h6 16. Re1 f5 17. Qb3+ Kh7 18. dxe5 Nxe5 19. Bxe5 Bxe5 20. Rad1 Bg7 21. Qc4 b5 22. axb5 axb5 23. Qxb5 Bxf3 24. Nxf3 Bxc3 25. Re2 Rb8 26. Qc4 Bxb4 27. e4 fxe4 28. Rxe4 Qd7 29. Nd4 Bc5 30. Ne6 Bxf2+ 31. Kh1 Rf7 32. Qe2 Bb6 33. h4 Rg8 34. h5 Qe7 35. Rf1 Rxf1+ 36. Qxf1 gxh5 37. Qf5+ 1-0

[Event "Pan American Intercollegiate-chT"]
[Site "Columbus"]
[Date "2017.12.29"]
[Round "5.2"]
[White "Raznikov, Danny"]
[Black "Stukopin, Andrey"]
[Result "0-1"]
[WhiteElo "2485"]
[BlackElo "2590"]
[PlyCount "114"]
[EventDate "2017.12.27"]
[EventType "team-swiss"]
[EventRounds "6"]
[EventCountry "USA"]
[SourceTitle "CBM 182 Extra"]
[Source "ChessBase"]
[SourceDate "2018.02.23"]
[SourceVersion "1"]
[SourceVersionDate "2018.02.23"]
[SourceQuality "1"]
[WhiteTeam "Texas Dallas Univ II"]
[BlackTeam "Texas Rio Grande Valley Univ"]
[WhiteTeamCountry "USA"]
[BlackTeamCountry "USA"]

1. d4 Nf6 2. c4 e6 3. Nc3 Bb4 4. Qc2 0-0 5. Nf3 b6 6. e4 Bb7 7. Bd3 h6 8. 0-0 Bxc3 9. bxc3 d6 10. Nd2 e5 11. f4 Re8 12. Bb2 c5 13. Rae1 cxd4 14. cxd4 Nc6 15. fxe5 dxe5 16. d5 Nb4 17. Qb3 Na6 18. Bc2 Nd7 19. Rf3 Nac5 20. Qe3 Nf8 21. Ref1 Re7 22. Rg3 Qd6 23. Nf3 Rae8 24. Nh4 Bc8 25. Bd1 g5 26. Nf3 f6 27. Ba3 Ng6 28. Nd2 Rf8 29. Rgf3 Kg7 30. R3f2 Rc7 31. g3 Bh3 32. Re1 Bd7 33. Kg2 Rf7 34. Ref1 Qf8 35. Bh5 Qc8 36. Kg1 Bh3 37. Rb1 Bg4 38. Bxg6 Kxg6 39. Bb2 Bh3 40. Ba3 h5 41. Bb2 Qa6 42. Bxe5 fxe5 43. Nf3 Rxf3 44. Qxf3 Rg7 45. Qf8 Qc8 46. Rf6+ Kh7 47. Qxc8 Bxc8 48. Re1 Ba6 49. Rf5 Bxc4 50. Rc1 b5 51. h4 Nxe4 52. Rxe5 Nxg3 53. Kh2 Nf1+ 54. Kh1 gxh4 55. d6 Kg6 56. a4 Kf6 57. Rc5 Be2 0-1

[Event "Dallas Fall op"]
[Site "Dallas"]
[Date "2017.11.22"]
[Round "9"]
[White "Sheng, Joshua"]
[Black "Raznikov, Danny"]
[Result "1/2-1/2"]
[WhiteElo "2373"]
[BlackElo "2488"]
[PlyCount "34"]
[EventDate "2017.11.17"]
[EventType "swiss"]
[EventRounds "9"]
[EventCountry "USA"]
[SourceTitle "CBM 181 Extra"]
[Source "ChessBase"]
[SourceDate "2017.12.12"]
[SourceVersion "1"]
[SourceVersionDate "2017.12.12"]
[SourceQuality "1"]

1. e4 e5 2. Nf3 Nc6 3. Bc4 Bc5 4. 0-0 Nf6 5. d3 0-0 6. Bg5 h6 7. Bh4 Be7 8. Re1 d6 9. Bg3 Na5 10. Nbd2 Nxc4 11. Nxc4 Nh5 12. d4 exd4 13. Nxd4 Nxg3 14. hxg3 Bf6 15. c3 d5 16. exd5 Qxd5 17. Ne3 Qd8 1/2-1/2

[Event "Dallas Fall op"]
[Site "Dallas"]
[Date "2017.11.20"]
[Round "6"]
[White "Raznikov, Danny"]
[Black "Ghatti, Sanjay"]
[Result "1-0"]
[WhiteElo "2488"]
[BlackElo "2178"]
[PlyCount "111"]
[EventDate "2017.11.17"]
[EventType "swiss"]
[EventRounds "9"]
[EventCountry "USA"]
[SourceTitle "CBM 181 Extra"]
[Source "ChessBase"]
[SourceDate "2017.12.12"]
[SourceVersion "1"]
[SourceVersionDate "2017.12.12"]
[SourceQuality "1"]

1. Nf3 Nf6 2. c4 e6 3. b3 d5 4. Bb2 Be7 5. e3 c5 6. cxd5 exd5 7. d4 0-0 8. Be2 Nc6 9. 0-0 Ne4 10. dxc5 Bf6 11. Nd4 Nxc5 12. Nxc6 bxc6 13. Qc1 Ne4 14. Nc3 Bf5 15. Rd1 Re8 16. Bd3 Bxc3 17. Bxc3 Qg5 18. Bf1 Re6 19. Be1 Bg4 20. f4 Qh5 21. Rd4 c5 22. Rd3 Be2 23. Bxe2 Qxe2 24. Qd1 Qxd1 25. Raxd1 Nf6 26. Bc3 c4 27. bxc4 dxc4 28. Rd8+ Re8 29. Rxa8 Rxa8 30. Rd4 Rc8 31. e4 h6 32. e5 Ne8 33. Kf2 g6 34. g4 Ng7 35. Ke3 h5 36. h3 hxg4 37. hxg4 Ne6 38. Rd7 a6 39. Rd6 Nc5 40. f5 gxf5 41. gxf5 Na4 42. Bd2 c3 43. Bc1 Nb2 44. Rxa6 Rc5 45. Kd4 Rc4+ 46. Kd5 Rg4 47. e6 fxe6+ 48. fxe6 Kf8 49. Ra8+ Ke7 50. Ra7+ Ke8 51. Rc7 Rg3 52. Bf4 Rg4 53. Kd6 Kf8 54. Rc8+ Kg7 55. e7 Rg6+ 56. Kd5 1-0

[Event "Texas Collegiate Super Finals"]
[Site "Brownsville"]
[Date "2017.10.22"]
[Round "4.2"]
[White "Ynojosa Aponte, Felix Jose"]
[Black "Raznikov, Danny"]
[Result "0-1"]
[WhiteElo "2433"]
[BlackElo "2491"]
[PlyCount "134"]
[EventDate "2017.10.21"]
[EventType "team-tourn"]
[EventRounds "4"]
[EventCountry "USA"]
[SourceTitle "CBM 181 Extra"]
[Source "ChessBase"]
[SourceDate "2017.12.12"]
[SourceVersion "1"]
[SourceVersionDate "2017.12.12"]
[SourceQuality "1"]
[WhiteTeam "Texas Rio Grande Valley Univ II"]
[BlackTeam "Texas Dallas Univ II"]
[WhiteTeamCountry "USA"]
[BlackTeamCountry "USA"]

1. c4 c5 2. Nc3 g6 3. Nf3 Bg7 4. d4 cxd4 5. Nxd4 Nc6 6. Nb3 d6 7. e4 Bxc3+ 8. bxc3 Nf6 9. f3 b6 10. Bh6 Ba6 11. Bg7 Rg8 12. Bxf6 exf6 13. Nd4 Na5 14. Be2 Rc8 15. Qd2 Bxc4 16. Qh6 Rc5 17. 0-0 Rh5 18. Qe3 Kf8 19. f4 Bxe2 20. Nxe2 Rc5 21. f5 g5 22. Rfd1 h5 23. Rd4 Nc4 24. Qd3 Qc7 25. Kh1 Ke7 26. h3 h4 27. Rb1 Rc8 28. a4 Qd7 29. Qd1 R8c6 30. Rd3 Ne5 31. Rd2 Rc8 32. Nd4 Rxc3 33. Nb5 R3c6 34. Nd4 Rc5 35. Nb5 Nc4 36. Re2 Kf8 37. Qd4 Kg7 38. Rg1 Qe7 39. g3 hxg3 40. Rxg3 Qe5 41. Qxe5 Nxe5 42. Nxa7 Ra8 43. Nb5 Rxa4 44. Nxd6 Rc6 45. Nb5 Rb4 46. Na3 Rc1+ 47. Kh2 b5 48. Kg2 Rd1 49. Rc3 Rd3 50. Rxd3 Nxd3 51. Re3 Rb2+ 52. Kf1 Nf4 53. e5 fxe5 54. Rxe5 b4 55. Nc4 Rb1+ 56. Re1 Rxe1+ 57. Kxe1 Nxh3 58. Ne3 Kf6 59. Nd5+ Kxf5 60. Nxb4 Ke4 61. Kf1 f5 62. Nc2 Nf4 63. Kf2 Nd3+ 64. Kg3 f4+ 65. Kg4 f3 66. Kg3 f2 67. Kg2 Ne1+ 0-1

[Event "Southwest Class-ch 8th"]
[Site "Fort Worth"]
[Date "2017.02.20"]
[Round "9"]
[White "Raznikov, Danny"]
[Black "Prasanna Raghuram, Rao"]
[Result "1/2-1/2"]
[WhiteElo "2514"]
[BlackElo "2477"]
[PlyCount "40"]
[EventDate "2017.02.16"]
[EventType "swiss"]
[EventRounds "9"]
[EventCountry "USA"]
[SourceTitle "EXT 2018"]
[Source "ChessBase"]
[SourceDate "2017.10.13"]
[SourceVersion "1"]
[SourceVersionDate "2017.10.13"]
[SourceQuality "1"]

1. d4 d5 2. Nf3 Nf6 3. c4 c6 4. cxd5 cxd5 5. Nc3 Nc6 6. Bf4 Bf5 7. e3 e6 8. Bd3 Bxd3 9. Qxd3 Bd6 10. Bxd6 Qxd6 11. 0-0 0-0 12. Rfc1 Rfc8 13. Ne2 Ne7 14. h3 h6 15. Rxc8+ Rxc8 16. Rc1 Rxc1+ 17. Nxc1 a6 18. Qc2 Qc6 19. Qxc6 Nxc6 20. Nd3 Nd7 1/2-1/2

[Event "Southwest Class-ch 8th"]
[Site "Fort Worth"]
[Date "2017.02.20"]
[Round "8"]
[White "Yu, Jennifer R"]
[Black "Raznikov, Danny"]
[Result "0-1"]
[WhiteElo "2162"]
[BlackElo "2514"]
[PlyCount "116"]
[EventDate "2017.02.16"]
[EventType "swiss"]
[EventRounds "9"]
[EventCountry "USA"]
[SourceTitle "EXT 2018"]
[Source "ChessBase"]
[SourceDate "2017.10.13"]
[SourceVersion "1"]
[SourceVersionDate "2017.10.13"]
[SourceQuality "1"]

1. c4 e5 2. Nc3 Bb4 3. Nd5 Bc5 4. Nf3 c6 5. Nc3 d6 6. e3 Bb4 7. d3 Bxc3+ 8. bxc3 c5 9. d4 Nc6 10. Be2 Nf6 11. 0-0 e4 12. Nd2 Bf5 13. a4 Qe7 14. Ba3 h5 15. Nb3 b6 16. a5 Bg4 17. Re1 Bxe2 18. Rxe2 h4 19. Rea2 h3 20. g3 0-0 21. axb6 axb6 22. Nd2 Ra5 23. Bc1 Rfa8 24. Rxa5 Rxa5 25. Rb1 Qa7 26. g4 Ra1 27. Rxa1 Qxa1 28. g5 Nh7 29. Nxe4 Qb1 30. f3 Nf8 31. Qe1 Na5 32. Bd2 Qxe1+ 33. Bxe1 Nxc4 34. Kf2 Ne6 35. f4 d5 36. Ng3 g6 37. Nf1 Ng7 38. Kf3 Nf5 39. dxc5 bxc5 40. Bd2 Nfd6 41. Be1 Ne4 42. Ng3 Nxg3 43. Bxg3 Kf8 44. Bf2 Ke7 45. Be1 Ke6 46. e4 dxe4+ 47. Kxe4 Nd6+ 48. Kf3 Kd5 49. Kg4 Ke4 50. Kxh3 Kf3 51. c4 Nxc4 52. f5 gxf5 53. Kh4 f4 54. g6 fxg6 55. Kg5 Ke2 56. Bh4 f3 57. Kxg6 Ne3 58. Bg3 c4 0-1

[Event "Southwest Class-ch 8th"]
[Site "Fort Worth"]
[Date "2017.02.19"]
[Round "7"]
[White "Raznikov, Danny"]
[Black "Daggupati, Balaji"]
[Result "1-0"]
[WhiteElo "2514"]
[BlackElo "2158"]
[PlyCount "109"]
[EventDate "2017.02.16"]
[EventType "swiss"]
[EventRounds "9"]
[EventCountry "USA"]
[SourceTitle "EXT 2018"]
[Source "ChessBase"]
[SourceDate "2017.10.13"]
[SourceVersion "1"]
[SourceVersionDate "2017.10.13"]
[SourceQuality "1"]

1. d4 d5 2. c4 c6 3. cxd5 cxd5 4. Bf4 Nf6 5. Nc3 Nc6 6. e3 Bf5 7. Qb3 Na5 8. Qa4+ Bd7 9. Qc2 Rc8 10. Bd3 e6 11. Nf3 Bb4 12. 0-0 Nc4 13. Rac1 h6 14. Bxc4 Rxc4 15. Ne5 Rc8 16. Qb3 Bxc3 17. Rxc3 Rxc3 18. Qxc3 0-0 19. Rc1 Bb5 20. Qc7 Qxc7 21. Rxc7 a6 22. f3 Nh5 23. Kf2 Nxf4 24. exf4 f6 25. Ng6 Rb8 26. f5 exf5 27. Ne7+ Kf8 28. Nxd5 Rd8 29. Nc3 Rxd4 30. Nxb5 axb5 31. Ke3 Ra4 32. Rxb7 Rxa2 33. Rxb5 Ke7 34. Kd4 Kd6 35. Rb6+ Kc7 36. Kc5 Ra5+ 37. Rb5 Ra1 38. Kd5 Rg1 39. Rc5+ Kb6 40. Rc2 Re1 41. h4 Re5+ 42. Kd6 g5 43. Kd7 g4 44. Rc6+ Kb7 45. Rxf6 h5 46. f4 Rb5 47. g3 Rxb2 48. Rxf5 Rb3 49. Rxh5 Rxg3 50. Rb5+ Ka6 51. Rg5 Kb6 52. f5 Rd3+ 53. Ke7 Kc7 54. f6 Re3+ 55. Kf8 1-0